| 000 | 01049cam a2200265 a 4500 | ||
|---|---|---|---|
| 003 | EG-GiCUC | ||
| 005 | 20250223030348.0 | ||
| 008 | 110222s1996 ua d f m 000 0 eng d | ||
| 040 |
_aEG-GiCUC _beng _cEG-GiCUC |
||
| 041 | 0 | _aeng | |
| 049 | _aDeposite | ||
| 097 | _aPh.D | ||
| 099 | _aCai01.12.05.Ph.D.1996.At.I | ||
| 100 | 0 | _aAtteya Moustafa Mohamed | |
| 245 | 1 | 0 |
_aInteractive effect of soil microorganisms and some ecological factors on some crops / _cAtteya Moustafa Mohamed ; Supervised Abdelrahman A. A. |
| 246 | 1 | 5 | _aالتأثير المتداخل للكائنات الدقيقة وبعض العوامل البئية على بعض المحاصيل |
| 260 |
_aCairo : _bAtteya Moustafa Mohamed , _c1996 |
||
| 300 |
_a262Leaves : _bcharts ; _c30cm |
||
| 502 | _aThesis (Ph.D.) - Cairo University - Faculty of Science - Department of Botany-Microbiology | ||
| 700 | 0 |
_aAbdelrahman A. A. , _eSupervisor |
|
| 856 | _uhttp://172.23.153.220/th.pdf | ||
| 905 |
_aFatma _eCataloger |
||
| 905 |
_aNazla _eRevisor |
||
| 942 |
_2ddc _cTH |
||
| 999 |
_c33103 _d33103 |
||